000 00944nam a2200205Ia 4500
999 _c36394
_d36394
001 2308
003 GE_BSU
005 20190528161758.0
008 181216s2008||||ge |||||||||||||| ||geo||
040 _cGE_BSU
041 _ageo
080 _a94(479.223) ს–22
245 _aსამეცნიერო კონფერენცია "სიყვარული გზად და ხიდად" :
_bკონფერენციის მასალები /
_cრედ. ვ. პაპუნიძე; ბათუმის ბოტანიკური ბაღი.
264 _aბათუმი,
_b2008
300 _a112 გვ.;
_b20 სმ.
653 _aსამეცნიერო კონფერენცია
700 _aპაპუნიძე, ვანო
_eრედაქტორი
_91737
710 _aბათუმის ბოტანიკური ბაღი
_91738
942 _cBK
_2udc